000 01045nam a22002415i 4500
001 165243
003 ES-MaACL
005 20230906213108.0
008 960320s1882 sp |||| | spa d
040 _aCARM
_bspa
_cCCPB | SIC
080 _a614(460.27 M.)
100 1 _aSerrano Fatigati, Enrique.
_9132669
245 1 0 _aAlimentos adulterados y defunciones
_b: apuntes para el estudio de la vida obrera en España /
_cpor D. Enrique Serrano Fatigati.
260 _aMadrid :
_b[s.n.],
_c1882 (
_fImp. de El Día, a cargo de Lucas Polo)
300 _a112 p. ;
_c18 cm.
490 1 _aBiblioteca político-económica de El Día ;
_v5
530 _aDisponible en formato digital.
650 4 _aSalubridad pública-
_zMadrid.
_9149892
830 1 _aBiblioteca político-económica de El Día ;
_v5
_9222283
852 _aES-MaACL
_jFol-Laf-492
_z- Legado de Modesto de la Fuente
_z- Dedicatoria autógrafa del autor
856 _uhttp://bdh-rd.bne.es/viewer.vm?id=0000110447&page=1
_zBiblioteca Digital Hispánica
999 _c165243
_d165243